000 00394nam a22001697a 4500
005 20180412102723.0
008 160621b xxu||||| |||| 00| 0 eng d
020 _a81-219-2487-1
041 _aeng
082 _b8743
_a339
100 _aAhuja, H.L
_91003
245 _aEconomic Environment of Business
260 _bS.Chand
_c2008
300 _a704
650 _aManagement
_9241
942 _cBK
999 _c3384
_d3383